<?xml version="1.0" encoding="UTF-8"?>
<record
    xmlns:xsi="http://www.w3.org/2001/XMLSchema-instance"
    xsi:schemaLocation="http://www.loc.gov/MARC21/slim http://www.loc.gov/standards/marcxml/schema/MARC21slim.xsd"
    xmlns="http://www.loc.gov/MARC21/slim">

  <leader>00656nam a2200181Ia 4500</leader>
  <controlfield tag="008">081213s9999    xx            000 0 und d</controlfield>
  <datafield tag="020" ind1=" " ind2=" ">
    <subfield code="a">9966936009</subfield>
  </datafield>
  <datafield tag="050" ind1=" " ind2=" ">
    <subfield code="a">BV4447</subfield>
    <subfield code="b">.M38 1998</subfield>
  </datafield>
  <datafield tag="100" ind1=" " ind2=" ">
    <subfield code="a">Mbutu, Paul M.</subfield>
  </datafield>
  <datafield tag="245" ind1=" " ind2=" ">
    <subfield code="a">Nairobi youth survey:</subfield>
    <subfield code="b">a summary report challenges to the churches </subfield>
    <subfield code="c">Paul M. Mbutu, P. Emil Chndran and Larry Niemeyer</subfield>
  </datafield>
  <datafield tag="260" ind1=" " ind2=" ">
    <subfield code="c">1998</subfield>
    <subfield code="a">Nairobi</subfield>
    <subfield code="b">Daystar University</subfield>
  </datafield>
  <datafield tag="300" ind1=" " ind2=" ">
    <subfield code="a">vi, 56p.; </subfield>
    <subfield code="c">23 cm.</subfield>
  </datafield>
  <datafield tag="500" ind1=" " ind2=" ">
    <subfield code="a">based on the study "Nairobi youth survey" conducted by Daystar University</subfield>
  </datafield>
  <datafield tag="650" ind1=" " ind2=" ">
    <subfield code="a">YOUTH - RELIGIOUS ASPECTS- CHRISTIANITY</subfield>
  </datafield>
  <datafield tag="700" ind1=" " ind2=" ">
    <subfield code="q">Chandran, P. Emil</subfield>
  </datafield>
  <datafield tag="700" ind1=" " ind2=" ">
    <subfield code="q">Niemeyer, Larry</subfield>
  </datafield>
  <datafield tag="942" ind1=" " ind2=" ">
    <subfield code="c">BK</subfield>
    <subfield code="2">lcc</subfield>
  </datafield>
  <datafield tag="999" ind1=" " ind2=" ">
    <subfield code="c">14831</subfield>
    <subfield code="d">14831</subfield>
  </datafield>
  <datafield tag="952" ind1=" " ind2=" ">
    <subfield code="0">0</subfield>
    <subfield code="1">0</subfield>
    <subfield code="2">lcc</subfield>
    <subfield code="4">0</subfield>
    <subfield code="7">0</subfield>
    <subfield code="8">NFIC</subfield>
    <subfield code="a">BOM</subfield>
    <subfield code="b">BOM</subfield>
    <subfield code="c">GEN</subfield>
    <subfield code="d">2008-12-15</subfield>
    <subfield code="l">8</subfield>
    <subfield code="o">BV4447 .M38 1998</subfield>
    <subfield code="p">001282</subfield>
    <subfield code="s">2015-11-02</subfield>
    <subfield code="t">1</subfield>
    <subfield code="w">2008-12-15</subfield>
    <subfield code="y">BK</subfield>
  </datafield>
  <datafield tag="952" ind1=" " ind2=" ">
    <subfield code="0">0</subfield>
    <subfield code="1">0</subfield>
    <subfield code="2">lcc</subfield>
    <subfield code="4">0</subfield>
    <subfield code="7">0</subfield>
    <subfield code="8">NFIC</subfield>
    <subfield code="a">BOM</subfield>
    <subfield code="b">BOM</subfield>
    <subfield code="c">SPC</subfield>
    <subfield code="d">2010-10-22</subfield>
    <subfield code="e">Purchase</subfield>
    <subfield code="l">0</subfield>
    <subfield code="o">SPE BV4447 .M38 1998</subfield>
    <subfield code="p">022940</subfield>
    <subfield code="t">2</subfield>
    <subfield code="w">2010-10-22</subfield>
    <subfield code="y">BK</subfield>
  </datafield>
</record>
